000 01019nam a2200301 a 4500
001 000000538
003 OSt
005 20230713114923.0
008 081218s2000 dr 000 0 spa d
020 _a9993410039
020 _a9789993410034
040 _aDO-SdBNP
_bspa
_cBPMSU
082 4 _a972.93
_bB742t, 2000
_222
100 1 _a Bosch, Juan,
_d1909-2001
_91
100 z _aBosch Gaviño, Juan, 
_d1909-2001
100 z _aGaviño, Juan Bosch
_d1909-2001
245 1 0 _aTemas históricos /
_cJuan Bosch.
250 _a2a. ed.
260 _aSanto Domingo :
_bAlfa & Omega,
_c2000.
300 _av. ;
_c21 cm.
505 0 _tArtículos sobre la historia --
_tTemas dominicanos --
_tPersonajes históricos --
_tTemas de historia general --
_tHablando del fascismo.
590 _aInventariado, 2023/VM
650 4 _aPersonajes históricos
_zRepública Dominicana.
651 4 _aRepública Dominicana
_xHistoria
651 4 _aAmérica Latina
_xHistoria
910 _aVMateo V. Control de calidad (BPMSU)
942 _2ddc
_cBK
999 _c13853
_d13853